Представление документа в формате RUSMARC

ПолеНазваниеЗначение
  Тип записи g
  Библиографический уровень m
001 Контрольный номер RU/SLIB/B/208728282
005 Дата корректировки 20201206204016.4
010 Индекс ISBN __
d Цена 108-60
101 Язык документа __
a Язык текста rus
c Язык оригинала rus
200 Заглавие и сведения об ответственности 1_
a Заглавие Повести Белкина. Выстрел
e Сведения, относящиеся к заглавию видеофильм : по мотивам повести А. С. Пушкина "Выстрел" из цикла "Повести покойного Ивана Ивановича Белкина"
f Первые сведения об ответственности постановка П. Фоменко ; режиссер Л. Ишимбаева ; оператор Б. Лазарев
b Общее обозначение материала Видеозапись
210 Выходные данные __
a Место издания М.
c Издательство Мастер Тэйп
d Дата издания 2001
215 Физическое описание __
a Объем 1 вк (68 мин.)
c Иллюстрации/тип воспроизводства Pal
225 Серия __
a Серия Театр на экране
300 Общие примечания __
a Общие примечания Фильм вышел на экраны в 1981 г.
323 Примечание о главных создателях, исполнителях, участниках __
a Примечание о главных создателях, исполнителях, участниках Калягин, А.
a Примечание о главных создателях, исполнителях, участниках Филатов, Л.
a Примечание о главных создателях, исполнителях, участниках Янковский, О.
a Примечание о главных создателях, исполнителях, участниках Маковецкий, С.
a Примечание о главных создателях, исполнителях, участниках Трофимов, Н.
a Примечание о главных создателях, исполнителях, участниках Волшанинова. Н.
a Примечание о главных создателях, исполнителях, участниках Денисов, Н.
a Примечание о главных создателях, исполнителях, участниках Чайка, О.
a Примечание о главных создателях, исполнителях, участниках Эйбоженко, А.
327 Примечание о содержании __
a Примечание о содержании Выстрел
333 Примечание о целевом назначении __
a Примечание о целевом назначении 12+. Для детей старше 12 лет
606 Тематические рубрики __
a Основная рубрика Музыка и зрелищные искусства
z Хронологическая подрубрика 20 в.
y Географическая подрубрика Россия
606 Тематические рубрики __
a Основная рубрика Художественное телевидение
610 Ключевые слова __
a Ключевые слова театральные постановки
686 Индексы других классификаций __
a Классификационный индекс 85.38я04 ; ст85.38я04
702 Вторичная интеллектуальная ответственность _1
a Фамилия Фоменко
b Имя П.
4 Код отношения Прочие
4 Код отношения 570
702 Вторичная интеллектуальная ответственность _1
a Фамилия Ишимбаева
b Имя Л.
4 Код отношения Режиссер
4 Код отношения 070
702 Вторичная интеллектуальная ответственность _1
a Фамилия Лазарев
b Имя Б.
4 Код отношения Оператор
4 Код отношения 600
801 Источник записи _0
a Страна RU
b Организация Муниципальное бюджетное учреждение культуры "Централизованная библиотечная система" г. Сургут (Центральная городская библиотека им. А. С. Пушкина)
g Правила каталогизации ММ/Пронина
801 Источник записи _1
a Страна RU
b Организация Муниципальное бюджетное учреждение культуры "Централизованная библиотечная система" г. Сургут (Центральная городская библиотека им. А. С. Пушкина)
g Правила каталогизации ММ/Пронина
852 Данные о местонахождении __
j Шифр хранения 85.38я04
c Каталожный индекс 85.38я04
i Авторский знак П 42
p Инвентарный номер Б/Н
901 Тип документа __
t Тип документа 0
903 Характеристики (МАРС) __
a Дата передачи 20020827
911 __
u 257a=Россия
990 Данные о заказе (DOS) __
h N записи в КСУ для Б/У (DOS) 200209
j Количество экземпляров (DOS) 1